Creation in the Biblical Traditions (Record no. 11186)

MARC details
000 -LEADER
fixed length control field 00681nam a2200253 a 4500
001 - CONTROL NUMBER
control field 0001-1186
003 - CONTROL NUMBER IDENTIFIER
control field ELIB.Books
008 - FIXED-LENGTH DATA ELEMENTS--GENERAL INFORMATION
fixed length control field 150511 2010 eng
020 ## - INTERNATIONAL STANDARD BOOK NUMBER
International Standard Book Number 091517023
035 ## - SYSTEM CONTROL NUMBER
System control number (ELIB.Books)0001-1341
092 ## - LOCALLY ASSIGNED DEWEY CALL NUMBER (OCLC)
Classification number 231.7
Item number Cli
100 ## - MAIN ENTRY--PERSONAL NAME
Personal name Clifford, Richard J.
245 ## - TITLE STATEMENT
Title Creation in the Biblical Traditions
260 ## - PUBLICATION, DISTRIBUTION, ETC. (IMPRINT)
Place of publication, distribution, etc. Washington, DC
Name of publisher, distributor, etc. The Catholic Biblical Quarterly
Date of publication, distribution, etc. 1969
300 ## - PHYSICAL DESCRIPTION
Extent 151
Dimensions 23 Cm
440 ## - SERIES STATEMENT/ADDED ENTRY--TITLE
Title Monograph Series
500 ## - GENERAL NOTE
General note C/o Moe Lwei
650 ## - SUBJECT ADDED ENTRY--TOPICAL TERM
Topical term or geographic name as entry element Crreation Biblical Teaching
856 ## - ELECTRONIC LOCATION AND ACCESS
Name of location of host KBTS: Library
Uniform Resource Identifier <a href="KBTS: Elib">KBTS: Elib</a>
942 ## - ADDED ENTRY ELEMENTS (KOHA)
Source of classification or shelving scheme Dewey Decimal Classification
Koha item type Books
990 ## - EQUIVALENCES OR CROSS-REFERENCES [LOCAL, CANADA]
Link information for 9XX fields 1
998 ## - LOCAL CONTROL INFORMATION (RLIN)
Cataloger's initials, CIN (RLIN) bat
-- 2015-05-11
Holdings
Withdrawn status Lost status Source of classification or shelving scheme Damaged status Not for loan Home library Current library Date acquired Total Checkouts Barcode Date last seen Bill Date Koha item type
    Dewey Decimal Classification     Karen Baptist Theological Seminary Library Karen Baptist Theological Seminary Library 11/05/2015   15444 22/01/2022 22/01/2022 Books
Implemented & Customized by: BestBookBuddies

Powered by Koha